Welcome to CU Library Online Public Access Catalogue (OPAC)

Introduction to Entrepreneurship (Record no. 895)

MARC details
000 -LEADER
fixed length control field 00539nam a22001817a 4500
005 - DATE AND TIME OF LATEST TRANSACTION
control field 20241108151047.0
008 - FIXED-LENGTH DATA ELEMENTS--GENERAL INFORMATION
fixed length control field 241108b |||||||| |||| 00| 0 eng d
020 ## - INTERNATIONAL STANDARD BOOK NUMBER
International Standard Book Number 9780324590869
050 ## - LIBRARY OF CONGRESS CALL NUMBER
Classification number HB615
Item number .K87 KUR
100 ## - MAIN ENTRY--PERSONAL NAME
Personal name Kuratko Donald F.
245 ## - TITLE STATEMENT
Title Introduction to Entrepreneurship
Statement of responsibility, etc. Donald F. Kuratko
250 ## - EDITION STATEMENT
Edition statement 8th Ed.
260 ## - PUBLICATION, DISTRIBUTION, ETC.
Place of publication, distribution, etc. Australia;
Name of publisher, distributor, etc. Cengage Learning;
Date of publication, distribution, etc. 2009;
300 ## - PHYSICAL DESCRIPTION
Extent xxxii. 544p.;
Other physical details ill. color;
Dimensions 27.5 cm x 21.5 cm
500 ## - GENERAL NOTE
General note Includes Indexes
650 ## - SUBJECT ADDED ENTRY--TOPICAL TERM
Source of heading or term Entrepreneurship
942 ## - ADDED ENTRY ELEMENTS (KOHA)
Source of classification or shelving scheme Library of Congress Classification
Koha item type Books
Edition 8th Ed.
Suppress in OPAC No
999 ## -
-- 895
-- 895
Holdings
Withdrawn status Lost status Source of classification or shelving scheme Damaged status Not for loan Collection Home library Current library Shelving location Date acquired Total checkouts Full call number Barcode Date last seen Copy number Price effective from Koha item type
    Library of Congress Classification     Non-fiction Business Library (Miotso) Business Library (Miotso) General stacks 11/08/2024   HB615 .K87 KUR BSSM00000213 11/08/2024 1 11/08/2024 Books
    Library of Congress Classification     Non-fiction Business Library (Miotso) Business Library (Miotso) General stacks 11/08/2024   HB615 .K87 KUR BSSM00000214 11/08/2024 2 11/08/2024 Books
    Library of Congress Classification     Non-fiction Business Library (Miotso) Business Library (Miotso) General stacks 11/08/2024   HB615 .K87 KUR BSSM00000215 11/08/2024 3 11/08/2024 Books
    Library of Congress Classification     Non-fiction Graduate Library (Christ Temple) Graduate Library (Christ Temple) General stacks 03/27/2025   HB 615.K87 KUR GSCT00000886 03/27/2025 1 03/27/2025 Books
    Library of Congress Classification     Non-fiction Graduate Library (Christ Temple) Graduate Library (Christ Temple) General stacks 03/27/2025   HB 615.K87 KUR GSCT00000887 03/27/2025 2 03/27/2025 Books
    Library of Congress Classification     Non-fiction Graduate Library (Christ Temple) Graduate Library (Christ Temple) General stacks 03/27/2025   HB 615.K87 KUR GSCT00000888 03/27/2025 3 03/27/2025 Books
    Library of Congress Classification     Non-fiction Graduate Library (Christ Temple) Graduate Library (Christ Temple) General stacks 03/27/2025   HB 615.K87 KUR GSCT00000889 03/27/2025 4 03/27/2025 Books
    Library of Congress Classification     Non-fiction Undergraduate Library (Christ Temple) Undergraduate Library (Christ Temple) General stacks 05/22/2025   HB615.K87 KUR ulct00002589 05/22/2025 1 05/21/2025 Books
    Library of Congress Classification     Non-fiction Undergraduate Library (Christ Temple) Undergraduate Library (Christ Temple) General stacks 05/22/2025   HB615.K87 KUR ulct00002590 05/22/2025 2 05/21/2025 Books
    Library of Congress Classification     Non-fiction Undergraduate Library (Christ Temple) Undergraduate Library (Christ Temple) General stacks 05/22/2025   HB615.K87 KUR ulct00002591 05/22/2025 3 05/21/2025 Books
    Library of Congress Classification     Non-fiction Undergraduate Library (Christ Temple) Undergraduate Library (Christ Temple) General stacks 05/22/2025   HB615.K87 KUR ulct00002592 05/22/2025 4 05/21/2025 Books
© 2023-2024 Copyright: Central University Libraries. All Rights Reserved | Created by: Mahone Tech Office